[Event "Leitersdorf Region-ch"]
[Site "Leitersdorf"]
[Date "2017.01.08"]
[Round "5.13"]
[White "Marakovits, Klemens"]
[Black "Sackl, Ernst"]
[Result "0-1"]
[WhiteElo "1420"]
[BlackElo "1726"]
[PlyCount "98"]
[EventDate "2017.01.04"]
[EventType "swiss"]
[EventRounds "5"]
[EventCountry "AUT"]
[SourceTitle "EXT 2024"]
[Source "ChessBase"]
[SourceDate "2023.10.10"]
[SourceVersion "1"]
[SourceVersionDate "2023.10.10"]
[SourceQuality "1"]

1. d4 d5 2. Nf3 e6 3. Bf4 c6 4. e3 Nf6 5. Nbd2 Bd6 6. Bd3 Qc7 7. Bxd6 Qxd6 8. 0-0 Nbd7 9. c4 b6 10. Rc1 0-0 11. cxd5 exd5 12. Nb3 Re8 13. Qd2 Bb7 14. Rc2 h6 15. Rfc1 Ne4 16. Qe2 a5 17. Bxe4 dxe4 18. Nfd2 a4 19. Nc4 Qg6 20. Nbd2 Ba6 21. Qe1 c5 22. d5 Ne5 23. Nxe5 Rxe5 24. Nb1 Rxd5 25. Nc3 Rg5 26. g3 Bd3 27. Rd2 c4 28. Ne2 b5 29. Nf4 Qa6 30. Nxd3 exd3 31. f4 Rd5 32. a3 f5 33. e4 Qb6+ 34. Kg2 fxe4 35. Qxe4 Rd4 36. Qf3 Rad8 37. Re1 b4 38. Re7 Qd6 39. Qb7 Qd5+ 40. Qxd5+ R8xd5 41. axb4 Rb5 42. Kf3 Rxb4 43. Ke3 Rd8 44. Re4 Kf7 45. f5 Rdb8 46. g4 Rxb2 47. Rxc4 Re8+ 48. Kxd3 Rd8+ 49. Rd4 Rxd4+ 0-1